000 00665nam a2200241 i 4500
001 C2-0317266
003 PPAK
005 20180728113455.0
008 120905s2011 my |||| ||||| | may d
020 _a9789675067877
040 _aPPAK
_beng
_cPPAK
_erda
082 0 4 _a899.233
_223
090 0 0 _a899.233
_bKAS
_dG
100 0 _aKaseh Esmiralda,
_eauthor
245 1 0 _aAngel in the devil's suit
264 1 _aKuala Lumpur :
_bKaki Novel Enterprise ,
_c2011
300 _aiii, 640 pages ; 254 pages ;
_c18 cm
336 _2rdacontent
_atext
337 _2rdamedia
_aunmediated
338 _2rdacarrier
_avolume
650 1 0 _aMalay fiction.
942 _ddc
_cB
999 _c118346
_d118346